000 00930cam a2200265 a 4500
001 4327840
003 PILC
005 20150905085246.0
008 880830s1989 caua b 001 0 eng
010 _a 88007393
020 _a0805370110
040 _aDLC
_cDLC
_dDLC
_dOCoLC
_dDLC
050 0 0 _aQA 76.7
_b.Se443 1989
082 0 0 _a005.13
100 1 _aSebesta, Robert W.
245 1 0 _aConcepts of programming languages /
_cRobert W. Sebesta.
260 _aRedwood City, Calif. :
_bBenjamin/Cummings Pub. Co.,
_c1989.
300 _axiii, 497 pages :
_billustrations ;
_c25 cm.
490 1 _aThe Benjamin/Cummings series in computer science
500 _aIncludes bibliographical references and index.
650 0 _aProgramming languages (Electronic computers)
830 0 _aBenjamin/Cummings series in computing and information sciences.
906 _a7
_bcbc
_corignew
_d1
_eocip
_f19
_gy-gencatlg
942 _2lcc
_cBK
_kFOR
999 _c284769
_d284769